000 00432nam a2200169Ia 4500
001 23638
005 20260414150950.0
008 260414t2012||||xx |||||||||||||| ||spa||
041 _aESP
082 _a670.4275
_bI461
100 _aIpanaqué Alama, William
_eAUT
245 0 _aControl automático de procesos :
_binnovando procesos productivos
260 _c2012
650 _aTCA
654 _aCII
942 _cLIB
_dJUS
_fJUS
_2ddc
_n
999 _c23638
_d23638